1736 1247 1449 1325 1756 1639 1054 1755 1864 1449 1670 1346 1326 1222 1920 1686 1846 1243 1854 1995 1451 1337 1550 1650 1671 1269 1895 1822 1585 1873 1497 1160 1492 1638 1971 1956 1265 1928 1385 1227 1676 1396 1111 1791 1261 1200 1223 1101 1764 1061 1372 1157 1310 1451 1662 1751 1175 1908 1365 1984 1363 1385 1545 1301 1226 1043 1380 1234 1285 1385 1365 1285 1283 1828 1892 1274 1995 1842 1145 1849 1506 1970 1092 1577 1890 1326 1099 1796 1804 1030 1434 1952 1964 1969 1936 1480 1709 1329 1654 BCNSPRNW ULIB Ver.6.0+V

เปลี่ยนเป็นภาษาไทย

Change to English
 แสดงรายละเอียดบรรณานุกรม
  กลับหน้าหลัก

Brief Record : Get Marc (ISO 2709) : E-mail record : QR code < ปิดหน้าต่าง
LEADER : 00000nam 2200000uu 4500
001    13399124509
003     ULIB
008    150817s2556 th a 000 0 tha d
020    9789749804261
020    9789749804260
090    นว.^bล158ส ล.9
100    ล่อร่า อิงกัลล์ส์ ไวล์เดอร์;^eผู้แต่ง
245    สี่ปีแรก/^cล่อร่า อิงกัลล์ส์ ไวล์เดอร์. ; เขียน ,สุคนธรส. ; แปล
250    พิมพ์ครั้งที่ 8
260    กรุงเทพฯ :^bแพรวเยาวชน,^c2556
300    117 หน้า;^b18.5 ซม.
500    หนังสือชุดบ้านเล็ก
700    สุคนธรส ;^eแปล
945    ^p85^l0^i039780
999    ^aทศพร
รายการนี้ยังไม่มีแท็ก
คุณยังไม่ได้ล็อกอิน คุณสามารถมีกิจกรรมร่วมกับเว็บไซต์ได้ แต่ต้องล็อกอินก่อน ::
  ล็อกอิน

รายการสื่อสารสนเทศ

ลำดับที่ ประเภท เลขเรียก/บาร์โค้ด สถานที่ สถานะ
1. นวนิยาย
นวนิยาย
นว. ล158ส ล.9 ฉ.1 
  Barcode: 039780
ห้องสมุดวิทยาเขตสวรรค์ประชารักษ์
►นวนิยาย
บนชั้น
  ขอยืม

BibComment


ยังไม่เคยถูกคอมเมนท์

คอมเมนท์ทรัพยากรรายการนี้
  คอมเมนท์: สี่ปีแรก ล่อร่า อ..


 Copyright 2026. Bcnsprnw @Library